Honduras: ¿la transición permanente? /
El presente texto busca ser una introducción al tema de las transiciones de la democracia, con un énfasis en Honduras, explicando las causas del inicio de las transiciones de dictaduras militares a democracias en América Central. Se busca comprender los cambios de regímenes políticos en Honduras, El...
שמור ב:
| מחבר ראשי: | |
|---|---|
| פורמט: | ספר |
| שפה: | Spanish |
| נושאים: | |
| תגים: |
הוספת תג
אין תגיות, היה/י הראשונ/ה לתייג את הרשומה!
|
MARC
| LEADER | 00000nam a22000007a 4500 | ||
|---|---|---|---|
| 003 | cru IIS | ||
| 005 | 20220907152419.0 | ||
| 008 | 220830t2012 ho |||||r|||| 00| 0 spa d | ||
| 040 | |c cru IIS | ||
| 100 | 1 | |9 3735 |a Torres Rivas, Edelberto |e Autor | |
| 245 | 1 | |a Honduras: |b ¿la transición permanente? / |c Edelberto Torres Rivas | |
| 300 | |a páginas 19-35 : |b tablas | ||
| 500 | |a Colección Centroamérica | ||
| 520 | |a El presente texto busca ser una introducción al tema de las transiciones de la democracia, con un énfasis en Honduras, explicando las causas del inicio de las transiciones de dictaduras militares a democracias en América Central. Se busca comprender los cambios de regímenes políticos en Honduras, El Salvador y Nicaragua, así las transiciones muestran diferencias significativas como semejanzas entre las naciones. Lo anterior se realiza comprendiendo el papel de los Estados Unidos y la región como influyentes de esos procesos, que dependiendo del contexto político y social brinda significado a los procesos de transición. FGO 07/09/2022 | ||
| 650 | 4 | |2 TESAURO OCDE |9 1849 |a DEMOCRATIZACION | |
| 650 | 4 | |2 TESAURO OCDE |9 1924 |a IMPERIALISMO | |
| 650 | 0 | |2 TESAURO OCDE |9 70 |a FUERZAS ARMADAS | |
| 650 | 0 | |2 TESAURO OCDE |9 131 |a DICTADURA | |
| 651 | 4 | |2 TESAURO OCDE |9 1928 |a EL SALVADOR | |
| 651 | 0 | |2 TESAURO OCDE |9 1861 |a NICARAGUA | |
| 651 | 4 | |2 TESAURO OCDE |9 2652 |a HONDURAS | |
| 773 | 0 | |0 5830 |9 2813 |a Murga Franssinetti, Antonio, |d Honduras : Editorial Universitaria |o 17515 |t Tres décadas de transición política en Honduras / |w (cru CIDCACS/IIS)49028 |x 978-99926-32-73-4 |z 978-99926-32-73-4 | |
| 942 | |2 ddc |c PP | ||
| 999 | |c 44551 |d 44551 | ||



